000 00713naa a2200229 i 4500
001 57184
003 ES-MaBCM
005 20241016111853.0
008 990111s1998 fra 000 0 fre d
021 _axx
035 _a(OCoLC)1365248971
040 _cES-MaBCM
041 0 _afre
043 _afra
100 1 _aCray, Olivier du
_911130
245 1 0 _a20 propositions pour les prefectures de region et les SGAR
_cOlivier du Cray
650 2 7 _aPolítica regional
_959841
650 2 7 _aDesconcentración
_958381
651 4 _aFrancia
_9115364
773 0 _aEn:
_tAdministration : revue de l'administration territorale de l'État
_dParis : 1998
_w104652
_gn. 179, oct., p. 31-41. - Loc. S.303
942 _cAREV
999 _c57184
_d57184